Running to stand still (Record no. 71590)

MARC details
000 -LEADER
fixed length control field 01110cam a2200241 4500
001 - CONTROL NUMBER
control field ABS66170
008 - FIXED-LENGTH DATA ELEMENTS--GENERAL INFORMATION
fixed length control field 021119n2002 000 0 eng u
035 ## - SYSTEM CONTROL NUMBER
System control number (Sirsi) u120507
100 ## - MAIN ENTRY--PERSONAL NAME
Personal name Madine, V
245 ## - TITLE STATEMENT
Title Running to stand still
260 ## - PUBLICATION, DISTRIBUTION, ETC.
Date of publication, distribution, etc. 2002
490 ## - SERIES STATEMENT
Series statement Building
Volume/sequential designation 267(8256) 25 October 2002, 48-51(4)
520 ## - SUMMARY, ETC.
Summary, etc. Reports on the latest Hays Montrose/Building contractors salaries guide which shows a general industry wide downturn. For example, junior professionals have had poor rises of 4-5% which is compared with up to 25% reported last year. Senior QS are faring better though with an average 7.4% more than last year. With tables of average pay amongst contractors for last year and a summary of the key findings.
590 ## - LOCAL NOTE (RLIN)
Local note ABS
650 ## - SUBJECT ADDED ENTRY--TOPICAL TERM
Topical term or geographic name entry element BUILDING CONTRACTORS SALARIES
650 ## - SUBJECT ADDED ENTRY--TOPICAL TERM
Topical term or geographic name entry element HAYS CONSTRUCTION/BUILDING CONTRACTORS' SALARIES GUIDE
650 ## - SUBJECT ADDED ENTRY--TOPICAL TERM
Topical term or geographic name entry element SALARY SURVEYS
650 ## - SUBJECT ADDED ENTRY--TOPICAL TERM
Topical term or geographic name entry element ECONOMIC DOWNTURN
650 ## - SUBJECT ADDED ENTRY--TOPICAL TERM
Topical term or geographic name entry element BUILT ENVIRONMENT-QUANTITY SURVEYING
650 ## - SUBJECT ADDED ENTRY--TOPICAL TERM
Topical term or geographic name entry element CONTRACTORS PAYMENTS
690 ## - LOCAL SUBJECT ADDED ENTRY--TOPICAL TERM (OCLC, RLIN)
Topical term or geographic name as entry element MANAGEMENT-BUSINESS MANAGEMENT-PROFESSIONAL PRACTICE
942 ## - ADDED ENTRY ELEMENTS (KOHA)
Suppress in OPAC 0
Holdings
Withdrawn status Lost status Source of classification or shelving scheme Damaged status Not for loan Home library Current library Shelving location Date acquired Total Checkouts Full call number Barcode Date last seen Copy number Price effective from Koha item type
    Dewey Decimal Classification     London London Journal article 19/11/2002   ABS66170 120507-1001 06/08/2019 1 06/08/2019 Journal article